<?xml version="1.0" encoding="UTF-8"?>
<record
    xmlns:xsi="http://www.w3.org/2001/XMLSchema-instance"
    xsi:schemaLocation="http://www.loc.gov/MARC21/slim http://www.loc.gov/standards/marcxml/schema/MARC21slim.xsd"
    xmlns="http://www.loc.gov/MARC21/slim">

  <leader>01409cam a22002294a 4500</leader>
  <datafield tag="020" ind1=" " ind2=" ">
    <subfield code="a">0231701640 (alk. paper)</subfield>
  </datafield>
  <datafield tag="020" ind1=" " ind2=" ">
    <subfield code="a">9780231701648 (alk. paper)</subfield>
  </datafield>
  <datafield tag="082" ind1="0" ind2="0">
    <subfield code="a">954.92046</subfield>
    <subfield code="b">BOS</subfield>
    <subfield code="c">D, N-02,P-100</subfield>
  </datafield>
  <datafield tag="100" ind1="1" ind2=" ">
    <subfield code="a">Bose, Sarmila.</subfield>
    <subfield code="9">51292</subfield>
  </datafield>
  <datafield tag="245" ind1="1" ind2="0">
    <subfield code="a">Dead reckoning :</subfield>
    <subfield code="b">memories of the 1971 Bangladesh War /</subfield>
    <subfield code="c">Sarmila Bose.</subfield>
  </datafield>
  <datafield tag="260" ind1=" " ind2=" ">
    <subfield code="a">New York :GHQ Rawalpindi</subfield>
    <subfield code="b">Columbia University Press,/Service book club</subfield>
    <subfield code="c">c2011.</subfield>
  </datafield>
  <datafield tag="300" ind1=" " ind2=" ">
    <subfield code="a">x, 239 p. ;</subfield>
    <subfield code="c">23 cm.</subfield>
  </datafield>
  <datafield tag="505" ind1="0" ind2=" ">
    <subfield code="a">Introduction: Memories in conflict -- Call to arms : Bengali nationalist rebellion -- Military inaction : power without responsibility -- Military action : "Operation Searchlight" in Dhaka -- Uncivil war : mobs, mutinies, and madness -- Village of widows : "securing" the countryside -- Hounding of Hindus : the politics of minority persecution -- Hit and run : sabotage and retribution -- Fratricide : death squads at war's end -- Words and numbers : memories and monstrous fables -- Appendix 1: Bibliographical note -- Appendix 2: List of interviewees.</subfield>
  </datafield>
  <datafield tag="526" ind1=" " ind2=" ">
    <subfield code="a">0</subfield>
    <subfield code="b">0</subfield>
    <subfield code="c">0</subfield>
    <subfield code="d">954_920460000000000_BOS</subfield>
  </datafield>
  <datafield tag="526" ind1=" " ind2=" ">
    <subfield code="a">0</subfield>
    <subfield code="b">0</subfield>
    <subfield code="c">0</subfield>
    <subfield code="d">954_920460000000000_BOS</subfield>
  </datafield>
  <datafield tag="650" ind1=" " ind2="0">
    <subfield code="a">Collective memory</subfield>
    <subfield code="z">Bangladesh.</subfield>
    <subfield code="9">51293</subfield>
  </datafield>
  <datafield tag="650" ind1=" " ind2="0">
    <subfield code="a">Interviews</subfield>
    <subfield code="z">Bangladesh.</subfield>
    <subfield code="9">51294</subfield>
  </datafield>
  <datafield tag="650" ind1=" " ind2="0">
    <subfield code="a">War and society</subfield>
    <subfield code="z">Bangladesh</subfield>
    <subfield code="x">History</subfield>
    <subfield code="9">51295</subfield>
  </datafield>
  <datafield tag="650" ind1=" " ind2="0">
    <subfield code="a">War victims</subfield>
    <subfield code="z">Bangladesh</subfield>
    <subfield code="9">51296</subfield>
  </datafield>
  <datafield tag="856" ind1="4" ind2="2">
    <subfield code="u">http://www.h-net.org/reviews/showrev.php?id=34415</subfield>
  </datafield>
  <datafield tag="942" ind1=" " ind2=" ">
    <subfield code="2">ddc</subfield>
    <subfield code="c">BK</subfield>
  </datafield>
  <datafield tag="999" ind1=" " ind2=" ">
    <subfield code="c">554019</subfield>
    <subfield code="d">554019</subfield>
  </datafield>
  <datafield tag="952" ind1=" " ind2=" ">
    <subfield code="0">0</subfield>
    <subfield code="1">0</subfield>
    <subfield code="2">ddc</subfield>
    <subfield code="4">0</subfield>
    <subfield code="7">0</subfield>
    <subfield code="a">MCE</subfield>
    <subfield code="b">MCE</subfield>
    <subfield code="d">2018-01-15</subfield>
    <subfield code="l">7</subfield>
    <subfield code="m">1</subfield>
    <subfield code="o">954.92046 BOS</subfield>
    <subfield code="p">MCE-50559</subfield>
    <subfield code="r">2020-07-21</subfield>
    <subfield code="s">2020-03-18</subfield>
    <subfield code="w">2018-01-15</subfield>
    <subfield code="y">BK</subfield>
  </datafield>
  <datafield tag="952" ind1=" " ind2=" ">
    <subfield code="0">0</subfield>
    <subfield code="1">0</subfield>
    <subfield code="2">ddc</subfield>
    <subfield code="4">0</subfield>
    <subfield code="7">0</subfield>
    <subfield code="a">MCE</subfield>
    <subfield code="b">MCE</subfield>
    <subfield code="d">2020-06-24</subfield>
    <subfield code="l">1</subfield>
    <subfield code="o">954.92046 BOS</subfield>
    <subfield code="p">MCE-51450</subfield>
    <subfield code="r">2020-09-30</subfield>
    <subfield code="s">2020-09-08</subfield>
    <subfield code="w">2020-06-24</subfield>
    <subfield code="y">BK</subfield>
  </datafield>
</record>
